| 000 | 00731cab a2200229 4500 | ||
|---|---|---|---|
| 001 | ##ABS52860 | ||
| 008 | 090401t1995 xxu||||| |||| 00| 0 eng d | ||
| 035 | _a(Sirsi) u511 | ||
| 041 | 0 | _aeng | |
| 100 | 1 | _aCollinson, I. | |
| 245 | 0 | 0 | _aOut-of-town is still in despite opposition from Westminster |
| 260 | _c1995 | ||
| 350 | _a0 | ||
| 490 | 0 |
_aProperty Week _v51(6) 11 May 1995, 28(1) |
|
| 520 | _aDebates the effects of out-of-town development on town centres. | ||
| 650 | 2 | 4 | _aPLANNING POLICY GUIDANCE NOTE 13 |
| 650 | 2 | 4 | _aPLANNING POLICY GUIDANCE NOTE SIX |
| 651 | 4 |
_aEngland and Wales _y1543- |
|
| 690 | _aPROPERTY-COMMERCIAL PROPERTY-RETAIL PROPERTY-OUT OF TOWN RETAIL PROPERTY | ||
| 942 | _n0 | ||
| 948 | _c04/03/1997 | ||
| 999 |
_c232 _d232 |
||